000 00553nam a22002057a 4500
003 OSt
005 20160816142112.0
008 160816b xxu||||| |||| 00| 0 eng d
020 _a9780123747303
040 _cDDC.
082 _a005.74HAR 2009.
100 _aHarrington,Jan.L;
_96600
245 _aRational Database Design and Implementation:
250 _a3rd ed.
260 _aBoston.
_bElsevier,
_c2009.
300 _axix,420p;
_bill.
_c25cm.
504 _aincludes Glossary and Index.
650 _aDatabase design.
_96791
942 _2ddc
_cO_SHELF
999 _c4999
_d4999